00486 a2200169 45000010006000000050017000060080041000230030015000640400040000790800031001192450043001502500012001932640044002053000026002490410008002751000033002836199220260407155913.0260407a1978 arg spa dAR-UNSa-BCEJYS aAR-UNSa-BCEJYSbspacAR-UNSa-BCEJYS a349.2xDerecho del Trabajo10aLos principios del derecho del trabajo a2a. ed. 1aBuenos Aires :bEdiciones Depalmac1978 axviii, 331 p.c23 cm. aspa1 aPlá Rodríguez, Américo